000 00715nam a2200217Ia 4500
003 OSt
005 20260320100140.0
008 220923b |||||||| |||| 00| 0 eng d
020 _a9788190618434
037 _cGeneral Book
040 _aRTL
_cRTL
_beng
041 _2eng
_aeng
084 _aXM5:8 P8/TD
_qRTL
100 _aPrustyTwinkle
_9308817
245 0 _aCorporate governance compliance in Indian industries
_b A case study
260 _a New Delhi
_bRegal Publications
_c2008
300 _axx, 301 p.
_bincludes bibliographical references and index
650 _aCommerce
942 _hXM5:8 P8/TD
_cTB
_2CC
999 _c611506
_d611506